Justice League Founding Members - Statistics

General Stats
  • This quiz has been taken 64 times
    61 since last reset
  • The average score is 4 of 7
Answers on the Grid
Answers color-coded by a green-red scale on the quiz's grid according to % correct below.
Aquaman
Batman
Black Canary
Captain Atom
Captain Marvel
Cyborg
Dr Fate
Flash
Green Arrow
Hal Jordan
Hawkgirl
Hawkman
John Stewart
Martian Manhunter
Plastic Man
Red Tornado
Superman
The Atom
Wonder Woman
Zatara
 
Answer Stats
Answer % Correct
Batman
100%
Aquaman
82%
Flash
64%
Superman
58%
Wonder Woman
58%
Martian Manhunter
33%
Hal Jordan
24%
No matching quizzes found
Score Distribution
Percent of People with Each Score
Percentile by Number Answered
Your Score History
You have not taken this quiz since the last reset